| 000 | 00707 a2200205 4500 | ||
|---|---|---|---|
| 999 |
_c3705 _d3705 |
||
| 003 | Nust | ||
| 005 | 20170105101223.0 | ||
| 008 | 161124b xxu||||| |||| 00| 0 eng d | ||
| 020 | _a8184840195 | ||
| 020 | _a9788184840193 | ||
| 040 |
_a0 _c0 |
||
| 100 | 1 | _aPal, Prankrishna. | |
| 245 | 1 | 0 |
_aContemporary issues in development economics : _bmodels and applications / _cPrankrishna Pal. |
| 260 |
_a[S.l.] : _bRegal Publications, _c2009. |
||
| 300 | _a444 p. | ||
| 500 | _aHardcover. | ||
| 856 | 4 | 0 |
_3Amazon.com _uhttp://www.amazon.com/exec/obidos/ASIN/8184840195/chopaconline-20 |
| 856 | 4 | 0 |
_3Amazon customer reviews _uhttp://www.chopac.org/cgi-bin/tools/azrev.pl?q=8184840195 |
| 942 |
_cBK _k338.9 PAL _2ddc |
||